000 00637nam a2200241Ia 4500
008 210303s9999 xx 000 0 und d
016 _2retro2021
016 _2retro2021
020 _a8185749531
040 _aNLN
_bEnglish
050 _aTK7881.5
_b.G978
082 _a621.317
100 _aGUPTER, B. R.
_eaut
_929168
245 0 _aPower Electronics /
_cB.R Gupta
260 _aDehli, India ( Nai Saraki ) :
_bS.k Kataris
_c2008
300 _a593p. :
_bill. ; 24cm.
563 _a(pbk)
650 _aElectronics
_95426
650 _aEletric Power
_929169
650 _aPower electronics
_929170
942 _cBK
942 _n0
999 _c14709
_d14709